[Event "Sveins 5. minneturnering"]
[Site "Oslo"]
[Date "2012.06.22"]
[Round "2"]
[White "Hagen, Andreas Skytte"]
[Black "Hauge, Lars Oskar"]
[Result "1/2-1/2"]
[WhiteElo "2445"]
[BlackElo "2071"]
[PlyCount "143"]
[EventDate "2012.??.??"]

1. Nf3 Nf6 2. c4 g6 3. Nc3 Bg7 4. e4 d6 5. d4 O-O 6. Be2 e5 7. O-O Nc6 8. d5
Ne7 9. b4 Nh5 10. Re1 f5 11. Ng5 Nf6 12. f3 f4 13. c5 h6 14. Ne6 Bxe6 15. dxe6
dxc5 16. Qxd8 Rfxd8 17. bxc5 Bf8 18. Ba3 Nc6 19. Rab1 b6 20. Bc4 Na5 21. Bd5
Nxd5 22. Nxd5 Nc4 23. Bb4 a5 24. e7 axb4 25. Rxb4 Ne3 26. cxb6 cxb6 27. exd8=Q
Rxd8 28. Rb2 Nxd5 29. exd5 Rxd5 30. g3 Bc5+ 31. Kg2 Be3 32. a4 h5 33. Ree2 Kg7
34. Rb5 Rxb5 35. axb5 Kf6 36. Rc2 Kf5 37. Rc6 Bd4 38. gxf4 exf4 39. Kf1 Kg5 40.
Ke2 Kf5 41. Kd3 Be3 42. Rd6 Bg1 43. Rd5+ Kf6 44. h3 Be3 45. Ke4 Ke6 46. Re5+
Kf6 47. Rd5 Ke6 48. Rd8 Kf6 49. Rd6+ Kg5 50. Ke5 Kh4 51. Rxg6 Kxh3 52. Ke4 h4
53. Rg4 Bd2 54. Kd3 Be3 55. Ke2 Bc1 56. Ke1 Be3 57. Kd1 Kh2 58. Ke1 h3 59. Kf1
Kh1 60. Rh4 Kh2 61. Rg4 Kh1 62. Ke2 Kh2 63. Kd3 Kh1 64. Ke4 Kh2 65. Kf5 Kh1 66.
Ke4 Kh2 67. Kd3 Kh1 68. Ke2 Kh2 69. Kf1 Kh1 70. Rg7 Kh2 71. Rg8 Kh1 72. Rg7
1/2-1/2

[Event "Sveins 5. minneturnering"]
[Site "Oslo"]
[Date "2012.06.22"]
[Round "2"]
[White "Poulsen, Iver"]
[Black "Urkedal, Frode Olav Olsen"]
[Result "0-1"]
[WhiteElo "2084"]
[BlackElo "2439"]
[PlyCount "100"]
[EventDate "2012.??.??"]

1. e4 c5 2. Nc3 Nc6 3. Nf3 g6 4. d4 cxd4 5. Nxd4 Bg7 6. Be3 Nf6 7. Bc4 O-O 8.
Bb3 d6 9. h3 Bd7 10. O-O Rc8 11. f4 Qa5 12. Qf3 Qh5 13. Qxh5 Nxh5 14. Rad1 Nxd4
15. Bxd4 Bc6 16. Nd5 Bxd5 17. exd5 Bxd4+ 18. Rxd4 Ng3 19. Re1 Rc7 20. Kf2 Nf5
21. Rde4 Re8 22. g4 Ng7 23. c3 Kf8 24. Ra4 a6 25. Ree4 Rec8 26. Rac4 Ne8 27.
Rxc7 Rxc7 28. Rc4 Rc5 29. Rb4 b5 30. a4 Nf6 31. axb5 a5 32. Ra4 Rxb5 33. Ra3 a4
34. Bxa4 Rxb2+ 35. Kg3 Nxd5 36. Bc6 Nf6 37. Ra8+ Kg7 38. Bf3 Rb3 39. Rc8 h6 40.
Kf2 g5 41. fxg5 hxg5 42. Kg3 Nd7 43. h4 gxh4+ 44. Kxh4 Nc5 45. Bd5 Rxc3 46. Rc7
Re3 47. g5 Re5 48. Bf3 Ne6 49. Rxe7 Nxg5 50. Rxe5 Nxf3+ 
0-1

[Event "Sveins 5. minneturnering"]
[Site "Oslo"]
[Date "2012.06.22"]
[Round "2"]
[White "Mihajlov, Sebastian"]
[Black "Hoi, Carsten"]
[Result "0-1"]
[WhiteElo "2064"]
[BlackElo "2357"]
[PlyCount "108"]
[EventDate "2012.??.??"]

1. d4 d5 2. c4 dxc4 3. Nf3 Nf6 4. e3 Bg4 5. Bxc4 e6 6. Nc3 Nc6 7. O-O Bd6 8. h3
Bh5 9. Be2 O-O 10. a3 a6 11. b4 h6 12. Bb2 Qe7 13. Nd2 Bg6 14. Nc4 e5 15. dxe5
Bxe5 16. Nd5 Nxd5 17. Nxe5 Nxe5 18. Qxd5 Nc6 19. Bf3 Rad8 20. Qb3 Rd6 21. Rad1
Rfd8 22. Rxd6 Rxd6 23. Rd1 Rxd1+ 24. Qxd1 Be4 25. Bxe4 Qxe4 26. Qd2 f6 27. f3
Qe6 28. e4 Kf7 29. Kf2 Ke7 30. Bd4 b6 31. Bb2 a5 32. b5 Nd8 33. Qc3 Kd7 34. e5
f5 35. Qd4+ Kc8 36. Qd3 h5 37. Kg1 g6 38. f4 Qa2 39. Bd4 Qd5 40. Qc3 Qxb5 41.
Qg3 Qe8 42. Qd3 Kb7 43. Be3 Ne6 44. Kh2 Qd8 45. Qb3 Qd7 46. Qc4 a4 47. Qb4 c5
48. Qc3 Qd5 49. Qc2 b5 50. Qc3 Qe4 51. Qd2 Nd4 52. e6 Kc6 53. Qa5 Nxe6 54. Qa8+
Kd6 0-1

[Event "Sveins 5. minneturnering"]
[Site "Oslo"]
[Date "2012.06.22"]
[Round "2"]
[White "Westerinen, Heikki M.J."]
[Black "Diaz, Linda"]
[Result "1-0"]
[WhiteElo "2335"]
[BlackElo "2007"]
[PlyCount "91"]
[EventDate "2012.??.??"]

1. e4 c5 2. Nf3 Nc6 3. Bb5 g6 4. O-O Bg7 5. Re1 Nf6 6. e5 Nd5 7. Nc3 Nc7 8.
Bxc6 dxc6 9. h3 O-O 10. d3 Nd5 11. Ne4 b6 12. a3 Qd7 13. Bd2 Bb7 14. Qc1 Nc7
15. Bh6 Ne6 16. Bxg7 Kxg7 17. Neg5 Bc8 18. Re4 h6 19. Nxe6+ Qxe6 20. b4 Qd5 21.
Rh4 Rh8 22. Qb2 g5 23. Re4 Bf5 24. Re3 Rad8 25. Qc3 cxb4 26. axb4 Ra8 27. Nd4
Bc8 28. Re4 Bb7 29. Nf5+ Kf8 30. Rxa7 c5 31. Ne3 Qc6 32. b5 Qc8 33. Rea4 Kg7
34. e6+ f6 35. Nf5+ Kf8 36. Qc4 Qb8 37. Qa2 Rxa7 38. Rxa7 h5 39. d4 cxd4 40.
Qa3 Rh7 41. Nxd4 Qc8 42. Qd3 Kg8 43. Nf5 Qb8 44. Qd7 Be4 45. Nxe7+ Kf8 46. Rc7
1-0

[Event "Sveins 5. minneturnering"]
[Site "Oslo"]
[Date "2012.06.22"]
[Round "2"]
[White "Johansen, Stian"]
[Black "Meurs, Tom"]
[Result "0-1"]
[WhiteElo "1997"]
[BlackElo "2246"]
[PlyCount "64"]
[EventDate "2012.??.??"]

1. d4 d5 2. c4 c6 3. Nf3 Nf6 4. Nc3 e6 5. Bg5 h6 6. Bxf6 Qxf6 7. e3 Nd7 8. Rc1
g6 9. a3 Bg7 10. b4 O-O 11. b5 Qe7 12. Qb3 a6 13. a4 axb5 14. cxb5 e5 15. Ne2
c5 16. Nc3 cxd4 17. Nxd5 Qd6 18. Nd2 Nc5 19. Qc4 Nxa4 20. Ne4 Qa3 21. exd4 exd4
22. Be2 Be6 23. O-O Nc3 24. Ndf6+ Kh8 25. Qd3 Bf5 26. g4 Bxe4 27. Nxe4 Nxe2+
28. Qxe2 Rfe8 29. g5 hxg5 30. Qg4 f5 31. Qxg5 Rxe4 32. f3 Qe3+ 
0-1

[Event "Sveins 5. minneturnering"]
[Site "Oslo"]
[Date "2012.06.22"]
[Round "2"]
[White "Tari, Aryan"]
[Black "Christiansen, Johan-Sebastian"]
[Result "1-0"]
[WhiteElo "2216"]
[BlackElo "1995"]
[PlyCount "103"]
[EventDate "2012.??.??"]

1. Nf3 c5 2. e4 d6 3. d4 cxd4 4. Nxd4 Nf6 5. Nc3 g6 6. Be3 Bg7 7. f3 O-O 8. Bc4
Nc6 9. Qd2 Bd7 10. O-O-O Rc8 11. Bb3 Nxd4 12. Bxd4 b5 13. Bxa7 Qa5 14. Bd4 b4
15. Nd5 Nxd5 16. Bxg7 Kxg7 17. exd5 Kg8 18. Kb1 Rc5 19. Rhe1 Ba4 20. Rxe7 Bxb3
21. cxb3 Ra8 22. a4 bxa3 23. Qxa5 Rcxa5 24. Re2 a2+ 25. Ka1 Rb5 26. Re3 Kg7 27.
Rd4 Rba5 28. b4 Ra4 29. Red3 Kf6 30. Re3 Rb8 31. Rf4+ Kg7 32. Re7 Rbxb4 33.
Rfxf7+ Kg8 34. Rg7+ Kh8 35. Rxh7+ Kg8 36. Reg7+ Kf8 37. Rc7 Kg8 38. Rhd7 Ra8
39. Rxd6 Rxb2 40. Rxg6+ Kf8 41. Rc8+ Rxc8 42. Kxb2 Rc2+ 43. Ka1 Kf7 44. Rg5 Kf6
45. h4 Rf2 46. g4 Ke7 47. Rf5 Kd6 48. g5 Kc5 49. Rf4 Kxd5 50. g6 Ke5 51. Rg4
Rxf3 52. g7 
1-0

[Event "Sveins 5. minneturnering"]
[Site "Oslo"]
[Date "2012.06.22"]
[Round "2"]
[White "Hansen, Lars-Henrik Bech"]
[Black "Seps, Monika"]
[Result "0-1"]
[WhiteElo "1992"]
[BlackElo "2193"]
[PlyCount "78"]
[EventDate "2012.??.??"]

1. e4 c5 2. Nf3 d6 3. d4 cxd4 4. Nxd4 Nf6 5. Nc3 a6 6. Bg5 Nbd7 7. f4 Qc7 8.
Qf3 h6 9. Bh4 g5 10. fxg5 hxg5 11. Bxg5 Qc5 12. Bxf6 Nxf6 13. Nf5 Nxe4 14. Nxe4
Qa5+ 15. Nc3 Qxf5 16. Qxf5 Bxf5 17. Bd3 Bxd3 18. cxd3 Rc8 19. O-O-O Bg7 20. Kc2
Rh5 21. Rd2 Bxc3 22. bxc3 Rhc5 23. c4 b5 24. h4 bxc4 25. d4 Ra5 26. Kd1 c3 27.
Rc2 Ra4 28. h5 Rxd4+ 29. Ke2 Kf8 30. Rh3 Rg4 31. Kf2 Rgc4 32. h6 Kg8 33. Rf3 e5
34. Rd3 R8c6 35. Rc1 f5 36. h7+ Kxh7 37. Rg3 Rg4 38. Rgxc3 Rxc3 39. Rxc3 Ra4
0-1

[Event "Sveins 5. minneturnering"]
[Site "Oslo"]
[Date "2012.06.22"]
[Round "2"]
[White "Ådnøy, Hallvard V"]
[Black "Kjøita, Henning"]
[Result "1-0"]
[WhiteElo "2286"]
[BlackElo "1970"]
[PlyCount "67"]
[EventDate "2012.??.??"]

1. e4 c5 2. c3 Nf6 3. e5 Nd5 4. d4 cxd4 5. Nf3 e6 6. cxd4 d6 7. Bc4 dxe5 8.
dxe5 Bb4+ 9. Nbd2 O-O 10. O-O Qc7 11. Qe2 Nc6 12. Qe4 Nde7 13. a3 Bxd2 14. Bxd2
Ng6 15. Bc3 b6 16. Rfe1 Bb7 17. Qg4 Na5 18. Bd3 Bxf3 19. Qxf3 Nb3 20. Rad1 Rad8
21. Bc2 Nc5 22. Qg3 Rxd1 23. Rxd1 Rd8 24. Re1 Nd7 25. h4 Qc4 26. Re4 Qc5 27. h5
Ngf8 28. Rg4 g6 29. Qh4 Rc8 30. Qg5 Nxe5 31. Bxe5 Qxc2 32. Qf6 Qd1+ 33. Kh2
Qxg4 34. Qg7# 
1-0

[Event "Sveins 5. minneturnering"]
[Site "Oslo"]
[Date "2012.06.22"]
[Round "2"]
[White "Omtvedt, Per"]
[Black "Wibe, Per H."]
[Result "0-1"]
[WhiteElo "2117"]
[BlackElo "1849"]
[PlyCount "114"]
[EventDate "2012.??.??"]

1. e4 c5 2. Nc3 Nc6 3. g3 d6 4. Bg2 Nf6 5. d3 g6 6. h3 Bg7 7. Be3 Rb8 8. Qd2
O-O 9. f4 e5 10. Nf3 Nh5 11. Qf2 Nd4 12. Bxd4 cxd4 13. Ne2 Qa5+ 14. Nd2 Bh6 15.
Bf3 Ng7 16. g4 Ne6 17. g5 Nxg5 18. fxg5 Bxg5 19. Nc1 f5 20. Ncb3 Qc7 21. Kd1
Be6 22. Qg2 Be3 23. exf5 Rxf5 24. Bd5 Qf7 25. Bxe6 Qxe6 26. Rf1 Rbf8 27. Rxf5
Rxf5 28. Qxb7 Rf7 29. Qb5 Qxh3 30. Qd5 Qg4+ 31. Ke1 Bf2+ 32. Kf1 Bh4+ 33. Nf3
Qxf3+ 34. Qxf3 Rxf3+ 35. Kg1 Rf2 36. Rc1 Kf7 37. Rf1 Rxf1+ 38. Kxf1 Ke6 39. Na5
d5 40. Nc6 a6 41. b4 Kd6 42. Nb8 e4 43. Nxa6 e3 44. Nc5 Be7 45. Nb3 Bf6 46. b5
h5 47. a4 h4 48. b6 Kc6 49. a5 h3 50. Nc1 Kb5 51. b7 Be5 52. Ne2 Kxa5 53. Nxd4
Kb6 54. Nf3 Bf4 55. c4 dxc4 56. dxc4 Kxb7 57. Ke2 g5 
0-1

[Event "Sveins 5. minneturnering"]
[Site "Oslo"]
[Date "2012.06.22"]
[Round "2"]
[White "Hillarp Persson, Tiger"]
[Black "Machlik, Jon"]
[Result "1-0"]
[WhiteElo "2578"]
[BlackElo "1701"]
[PlyCount "45"]
[EventDate "2012.??.??"]

1. d4 f5 2. Bg5 g6 3. Nd2 Bg7 4. e4 d6 5. Ngf3 fxe4 6. Nxe4 c6 7. Bd3 Nf6 8.
O-O O-O 9. h3 Nbd7 10. Re1 Nxe4 11. Rxe4 Nf6 12. Re1 e6 13. c3 Re8 14. Nd2 Bd7
15. Nc4 Qe7 16. Re3 Rad8 17. Qc2 Bc8 18. Rae1 Kf7 19. h4 h6 20. Bxf6 Bxf6 21.
Rf3 e5 22. h5 exd4 23. Bxg6+ 
1-0

[Event "Sveins 5. minneturnering"]
[Site "Oslo"]
[Date "2012.06.22"]
[Round "2"]
[White "Østby, Martin Bergsjø"]
[Black "Gonzàlez, Francisco Silva"]
[Result "0-1"]
[WhiteElo "1734"]
[BlackElo "1991"]
[PlyCount "112"]
[EventDate "2012.??.??"]

1. e4 e5 2. Nf3 Nc6 3. Bc4 Bc5 4. c3 Bb6 5. d3 Nf6 6. Bb3 d6 7. O-O O-O 8. Nbd2
Na5 9. Bc2 a6 10. b4 Nc6 11. Nc4 Ba7 12. Be3 b6 13. a4 Be6 14. Ncd2 Ng4 15. Ng5
Nxe3 16. Qh5 h6 17. Nxe6 fxe6 18. fxe3 b5 19. d4 Rxf1+ 20. Rxf1 Qd7 21. Qg6 Qe8
22. Qg4 Kh8 23. Kh1 Rb8 24. Nf3 exd4 25. exd4 e5 26. Ng5 g6 27. Nf7+ Kg7 28.
Qh4 h5 29. Qf6+ Kh7 30. Bb3 Qe7 31. Ng5+ Kh6 32. Nf7+ Kh7 33. Qxe7 Nxe7 34.
Nxd6 cxd6 35. Rf7+ Kh6 36. Rxe7 bxa4 37. Bxa4 Bxd4 38. cxd4 Rxb4 39. Kg1 Rxa4
40. dxe5 dxe5 41. Rxe5 Ra2 42. Re6 Kg7 43. e5 a5 44. Ra6 g5 45. h3 a4 46. Kh2
h4 47. Ra7+ Kg6 48. e6 Kf6 49. e7 Kf7 50. Ra5 a3 51. Rxg5 Ra1 52. g4 Rb1 53.
Rg7+ Ke8 54. Rg8+ Kxe7 55. Ra8 Rb2+ 56. Kg1 a2 0-1

[Event "Sveins 5. minneturnering"]
[Site "Oslo"]
[Date "2012.06.22"]
[Round "2"]
[White "Kjølberg, Jens Hjorth"]
[Black "Roholdt, Njaal"]
[Result "1-0"]
[WhiteElo "1982"]
[BlackElo "1756"]
[PlyCount "103"]
[EventDate "2012.??.??"]

1. e4 c5 2. Nf3 d6 3. d4 cxd4 4. Nxd4 Nf6 5. Nc3 a6 6. Bg5 e5 7. Bxf6 Qxf6 8.
Nd5 Qd8 9. Nf5 Bxf5 10. exf5 Nd7 11. g3 Nf6 12. Bg2 Nxd5 13. Qxd5 Rb8 14. O-O
Be7 15. Rfd1 O-O 16. Rd3 b5 17. Rc3 Rc8 18. Rc6 Rxc6 19. Qxc6 Qc8 20. c3 Qxc6
21. Bxc6 Rb8 22. Bd5 Kf8 23. b4 Bf6 24. a4 e4 25. axb5 Rxb5 26. Bc4 Rxb4 27.
cxb4 Bxa1 28. Bxa6 Bd4 29. Kf1 e3 30. fxe3 Bxe3 31. Ke2 Bb6 32. Bc4 Ke7 33. Kd3
g6 34. Ke4 Kf6 35. fxg6 fxg6 36. h3 Bf2 37. g4 Be1 38. b5 Ba5 39. h4 g5 40. h5
h6 41. Kd5 Bc7 42. Bb3 Ke7 43. Kc6 Ba5 44. b6 Kd8 45. Bd5 Kc8 46. b7+ Kb8 47.
Kxd6 Bb4+ 48. Ke6 Kc7 49. Kf7 Bd6 50. Kg7 Kd8 51. Kxh6 Bf4 52. Kg6 1-0

[Event "Sveins 5. minneturnering"]
[Site "Oslo"]
[Date "2012.06.22"]
[Round "2"]
[White "Schjelderup, Nils-Jakob"]
[Black "Amarapala, Sherington"]
[Result "1-0"]
[WhiteElo "1930"]
[BlackElo "1732"]
[PlyCount "41"]
[EventDate "2012.??.??"]

1. e4 e5 2. Nf3 Nc6 3. Bc4 Bc5 4. c3 Nf6 5. d3 d6 6. Bb3 Bg4 7. h3 Bh5 8. Nbd2
O-O 9. Nf1 d5 10. Qe2 Re8 11. Bg5 d4 12. Ng3 Bg6 13. Nh4 h6 14. Bd2 Bh7 15.
Nhf5 Ne7 16. Qf3 Qd7 17. Nxh6+ Kf8 18. Nxf7 Nc6 19. Ng5 Bg6 20. O-O Ke7 21. Ne6
1-0

[Event "Sveins 5. minneturnering"]
[Site "Oslo"]
[Date "2012.06.22"]
[Round "2"]
[White "Olsen, Ulrik"]
[Black "Rødvik, Trym Daniel"]
[Result "1/2-1/2"]
[WhiteElo "1718"]
[BlackElo "1926"]
[PlyCount "79"]
[EventDate "2012.??.??"]

1. e4 c5 2. Nf3 d6 3. d4 cxd4 4. Nxd4 Nf6 5. Nc3 g6 6. Be3 Bg7 7. f3 O-O 8. Qd2
Nc6 9. Bc4 Bd7 10. O-O Qc7 11. Bb3 Nxd4 12. Bxd4 e5 13. Bf2 Rfd8 14. Bh4 Be6
15. Nd5 Bxd5 16. Bxd5 Qc5+ 17. Bf2 Qc7 18. c4 a5 19. Be3 Nd7 20. Qf2 Rab8 21.
Rac1 Nc5 22. Rfd1 Kh8 23. a3 a4 24. Kh1 Ra8 25. Bxc5 dxc5 26. Qh4 Rd7 27. Rd2
Qd8 28. Qxd8+ Raxd8 29. Rcd1 Bh6 30. Rd3 Ra8 31. b3 axb3 32. Rxb3 Ra7 33. Rdb1
b6 34. Kg1 Bd2 35. Rxb6 Rxa3 36. Rb8+ Kg7 37. R8b7 Ra7 38. Rxd7 Rxd7 39. Rb7
Rxb7 40. Bxb7 
1/2-1/2

[Event "Sveins 5. minneturnering"]
[Site "Oslo"]
[Date "2012.06.22"]
[Round "2"]
[White "Langmyhr, Tore"]
[Black "Sætre, Mathias"]
[Result "1-0"]
[WhiteElo "1905"]
[BlackElo "1695"]
[PlyCount "93"]
[EventDate "2012.??.??"]

1. c4 d6 2. Nc3 g6 3. d4 Bg7 4. e4 Nf6 5. Be2 O-O 6. f4 c5 7. d5 e6 8. Nf3 exd5
9. cxd5 a6 10. a4 Re8 11. e5 dxe5 12. fxe5 Ng4 13. e6 fxe6 14. d6 Qb6 15. Ng5
Nf6 16. O-O Rd8 17. Nce4 Nxe4 18. Nxe4 Bd7 19. Bc4 Nc6 20. Bg5 Rf8 21. Nf6+
Bxf6 22. Bxf6 Nd4 23. Be7 Rxf1+ 24. Qxf1 Nf5 25. Qe2 Nd4 26. Qf2 Nf5 27. Rf1
Nxd6 28. Qf6 Nf5 29. Rxf5 gxf5 30. h4 Re8 31. h5 Rxe7 32. Qxe7 Qxb2 33. Qd8+
Kg7 34. Qxd7+ Kf8 35. Qd6+ Ke8 36. Qxe6+ Kd8 37. Qg8+ Kd7 38. Qxh7+ Kd8 39.
Qg8+ Kc7 40. Qg3+ Kd7 41. Qd3+ Kc7 42. Qe3 Qa1+ 43. Kh2 Qxa4 44. Qxc5+ Kd7 45.
Qxf5+ Kc7 46. Qf4+ Kd7 47. Be6+ 
1-0

[Event "Sveins 5. minneturnering"]
[Site "Oslo"]
[Date "2012.06.22"]
[Round "2"]
[White "Ellingsrud, Bjørn"]
[Black "Heublum, Harry A"]
[Result "0-1"]
[WhiteElo "1693"]
[BlackElo "1903"]
[PlyCount "92"]
[EventDate "2012.??.??"]

1. e4 e6 2. d4 d5 3. exd5 exd5 4. Bd3 Bd6 5. Ne2 Nf6 6. Bf4 O-O 7. Bxd6 Qxd6 8.
O-O Bg4 9. f3 Bh5 10. Ng3 Bg6 11. Nf5 Bxf5 12. Bxf5 Nc6 13. Qd2 Rfe8 14. Na3 a6
15. Rae1 g6 16. Bh3 Kg7 17. c3 Nh5 18. Rxe8 Rxe8 19. Re1 Rxe1+ 20. Qxe1 f5 21.
g3 Nf6 22. Qe3 Nh5 23. Kf2 f4 24. gxf4 Qxf4 25. Qxf4 Nxf4 26. Bc8 Nd8 27. Ke3
Nfe6 28. Nc2 Kf6 29. Ne1 Ng7 30. Ng2 Nf5+ 31. Kf2 Nd6 32. Bh3 Nc4 33. b3 Na3
34. Ne3 c6 35. c4 dxc4 36. bxc4 Nb1 37. d5 Nc3 38. d6 Nxa2 39. f4 Nc3 40. Nc2
Ne4+ 41. Ke3 Nxd6 42. Kd4 Ne6+ 43. Bxe6 Kxe6 44. Kc5 Nc8 45. Nd4+ Kd7 46. h4
b6+ 
0-1

[Event "Sveins 5. minneturnering"]
[Site "Oslo"]
[Date "2012.06.22"]
[Round "2"]
[White "Haug, Johannes"]
[Black "Bue, Gunnar"]
[Result "1-0"]
[WhiteElo "1886"]
[BlackElo "1693"]
[PlyCount "51"]
[EventDate "2012.??.??"]

1. e4 d6 2. d4 Nf6 3. Nc3 g6 4. Be3 Bg7 5. f3 c6 6. Qd2 O-O 7. Bd3 b5 8. Nge2
b4 9. Nd1 a5 10. g4 Bxg4 11. fxg4 Nxg4 12. Nf2 Nxe3 13. Qxe3 Nd7 14. O-O c5 15.
c3 e5 16. dxc5 Nxc5 17. Bc4 Kh8 18. Nd3 Nxd3 19. Bxd3 bxc3 20. Nxc3 f5 21. exf5
d5 22. fxg6 Rxf1+ 23. Rxf1 d4 24. Qh3 Qg5+ 25. Kh1 dxc3 26. Qxh7# 
1-0

[Event "Sveins 5. minneturnering"]
[Site "Oslo"]
[Date "2012.06.22"]
[Round "2"]
[White "Edakina, Maria"]
[Black "Kjøita, Torgeir"]
[Result "1/2-1/2"]
[WhiteElo "1628"]
[BlackElo "1880"]
[PlyCount "79"]
[EventDate "2012.??.??"]

1. e4 e5 2. Nf3 Nc6 3. d4 exd4 4. Nxd4 Bc5 5. Nxc6 Qf6 6. Qf3 Qxc6 7. Bd3 d6 8.
O-O Nf6 9. Nc3 O-O 10. Nd5 Nxd5 11. exd5 Qd7 12. Be3 Qg4 13. Qxg4 Bxg4 14. Bxc5
dxc5 15. Rfe1 Rad8 16. f3 Bd7 17. Re7 Rfe8 18. Rae1 Rxe7 19. Rxe7 Kf8 20. Re1
g6 21. Kf2 Re8 22. Rxe8+ Kxe8 23. Ke3 Ke7 24. Kf4 f6 25. h4 Kd6 26. Ke3 Kxd5
27. Be4+ Ke5 28. Bxb7 g5 29. hxg5 fxg5 30. Be4 Bf5 31. Bxf5 Kxf5 32. g4+ Ke5
33. c3 c4 34. b3 Kd5 35. f4 h6 36. b4 c6 37. a3 gxf4+ 38. Kxf4 Ke6 39. Ke4 Kf6
40. Kf4 
1/2-1/2

[Event "Sveins 5. minneturnering"]
[Site "Oslo"]
[Date "2012.06.22"]
[Round "2"]
[White "Jørgensen, Line Jin"]
[Black "Eriksen, Dag"]
[Result "0-1"]
[WhiteElo "1876"]
[BlackElo "1656"]
[PlyCount "94"]
[EventDate "2012.??.??"]

1. d4 d5 2. c4 Nc6 3. Nc3 dxc4 4. Nf3 Nf6 5. e4 Bg4 6. Be3 e6 7. Bxc4 Bb4 8.
Qc2 O-O 9. Rd1 Qe7 10. O-O Bxc3 11. bxc3 Nd7 12. Bd3 e5 13. Rb1 b6 14. Qa4 Na5
15. Nxe5 Nxe5 16. dxe5 Rfd8 17. Qc2 Qxe5 18. f3 Be6 19. f4 Qd6 20. Be2 Nc4 21.
Bxc4 Bxc4 22. Rfd1 Bd3 23. Qf2 Qc6 24. Rb2 Bxe4 25. Rxd8+ Rxd8 26. Rd2 Re8 27.
Bd4 Qb5 28. h3 Bg6 29. Kh2 c5 30. f5 cxd4 31. fxg6 Qe5+ 32. g3 hxg6 33. cxd4
Qe3 34. Qg2 Qe4 35. Qf2 Rd8 36. Rd1 b5 37. Rf1 f5 38. Rd1 Kh7 39. g4 Rc8 40.
Rd2 Kg8 41. Re2 Qd3 42. gxf5 gxf5 43. Rd2 Qe4 44. d5 Rc1 45. Re2 Qh1+ 46. Kg3
Rg1+ 47. Kh4 Rg4+ 0-1

[Event "Sveins 5. minneturnering"]
[Site "Oslo"]
[Date "2012.06.22"]
[Round "2"]
[White "Hansen, Erle Andrea Marki"]
[Black "Jacobsen, Trond"]
[Result "1-0"]
[WhiteElo "1853"]
[BlackElo "1610"]
[PlyCount "155"]
[EventDate "2012.??.??"]

1. d4 d5 2. Nf3 Nf6 3. g3 e6 4. Bg2 c5 5. c4 cxd4 6. Nxd4 Bb4+ 7. Bd2 Bxd2+ 8.
Nxd2 Qb6 9. N4b3 O-O 10. O-O Bd7 11. cxd5 Nxd5 12. Nc4 Qb5 13. Na3 Qb6 14. Rc1
Bc6 15. Nc4 Qd8 16. Nd4 Ne7 17. Nxc6 Nbxc6 18. Qc2 Nd5 19. Rfd1 Qg5 20. h4 Qd8
21. e4 Ndb4 22. Rxd8 Nxc2 23. Rxf8+ Kxf8 24. Rxc2 Nb4 25. Rc3 Nxa2 26. Ra3 Nb4
27. Nb6 Rd8 28. Rxa7 Rd1+ 29. Bf1 Nd3 30. Ra3 Ne1 31. Rc3 Ke7 32. Nc4 f6 33. f4
b5 34. Ne3 Rd2 35. Ng4 Rxb2 36. Nf2 b4 37. Rc1 Nf3+ 38. Kg2 Nd2 39. Bd3 Nb3 40.
Rc2 Rxc2 41. Bxc2 Nd4 42. Ba4 b3 43. Nd3 e5 44. f5 Kd6 45. Kf2 Kc7 46. Ke3 Kb6
47. g4 Ka5 48. Be8 h6 49. Kd2 Nf3+ 50. Kc3 Nxh4 51. Ne1 b2 52. Kxb2 Kb4 53. Bf7
Kc5 54. Kc3 Kd6 55. Kd3 Ke7 56. Bh5 Kd6 57. Ke2 Kc5 58. Kf2 Kd4 59. Kg3 Nxf5+
60. exf5 Ke3 61. Nc2+ Kd2 62. Nb4 e4 63. Be8 e3 64. Bb5 e2 65. Bxe2 Kxe2 66.
Nd5 Kd3 67. Nf4+ Ke4 68. Ne6 Ke5 69. Nxg7 Kd6 70. Kh4 Ke7 71. Kh5 Kf7 72. Kxh6
Kg8 73. Kg6 Kf8 74. Kxf6 Kg8 75. Kg6 Kf8 76. f6 Kg8 77. f7+ Kf8 78. Ne6+ 
1-0

[Event "Sveins 5. minneturnering"]
[Site "Oslo"]
[Date "2012.06.22"]
[Round "3"]
[White "Hoi, Carsten"]
[Black "Hammer, Jon Ludvig"]
[Result "1-0"]
[WhiteElo "2357"]
[BlackElo "2630"]
[PlyCount "55"]
[EventDate "2012.??.??"]

1. d4 Nf6 2. c4 g6 3. Nc3 d5 4. Nf3 Bg7 5. cxd5 Nxd5 6. e4 Nxc3 7. bxc3 c5 8.
Be3 Qa5 9. Qd2 O-O 10. Rc1 Rd8 11. d5 e6 12. c4 Qa3 13. Be2 b6 14. O-O Nc6 15.
Bh6 Nb4 16. Bxg7 Kxg7 17. Qf4 Qxa2 18. Ne5 f5 19. Qg5 Rf8 20. Rc3 Rb8 21. Qe7+
Kg8 22. Nxg6 Rf7 23. Qe8+ Kg7 24. Ne5 Rfb7 25. Rg3+ Kf6 26. f4 Qxe2 27. Qf8+
Rf7 28. Qxf7# 
1-0

[Event "Sveins 5. minneturnering"]
[Site "Oslo"]
[Date "2012.06.22"]
[Round "3"]
[White "Berg, Emanuel"]
[Black "Salomon, Johan"]
[Result "1-0"]
[WhiteElo "2587"]
[BlackElo "2052"]
[PlyCount "119"]
[EventDate "2012.??.??"]

1. e4 e5 2. Nf3 Nc6 3. Bb5 a6 4. Ba4 Nf6 5. O-O Be7 6. Re1 d6 7. Bxc6+ bxc6 8.
d4 exd4 9. Qxd4 O-O 10. Nc3 Bg4 11. Qd3 Nd7 12. h3 Bxf3 13. Qxf3 Bg5 14. Qg3
Bxc1 15. Raxc1 Qf6 16. Re3 Ne5 17. b3 Ng6 18. Qg4 Qe6 19. Qf3 f5 20. exf5 Qxf5
21. Qxf5 Rxf5 22. g3 Raf8 23. f4 h5 24. h4 Nh8 25. Rce1 Nf7 26. Re7 Rc5 27.
R1e3 Nh6 28. b4 Rc4 29. R7e4 Rxe4 30. Rxe4 Nf5 31. Ne2 Rf6 32. c3 Kf7 33. Rc4
Re6 34. Kf2 d5 35. Rc5 Nd6 36. Ra5 Ne4+ 37. Kf1 c5 38. bxc5 Nd2+ 39. Kf2 Nc4
40. Ra4 a5 41. Nd4 Ra6 42. Nc2 Nd2 43. Ke3 Nf1+ 44. Kf2 Nd2 45. Ke3 Nf1+ 46.
Kd4 Nxg3 47. Ne3 Ne2+ 48. Kd3 Ng3 49. Nxd5 Ra7 50. Ne3 Ra8 51. Rd4 Ke6 52. Rd5
g6 53. Rg5 Rd8+ 54. Kc4 Nf5 55. Nxf5 gxf5 56. Rxh5 Rd2 57. Rh6+ Kd7 58. c6+ Ke7
59. Rh7+ Kd6 60. Rd7+ 1-0

[Event "Sveins 5. minneturnering"]
[Site "Oslo"]
[Date "2012.06.22"]
[Round "3"]
[White "Kjølberg, Jens Hjorth"]
[Black "Hillarp Persson, Tiger"]
[Result "0-1"]
[WhiteElo "1982"]
[BlackElo "2578"]
[PlyCount "82"]
[EventDate "2012.??.??"]

1. e4 g6 2. d4 Bg7 3. Nf3 d6 4. Be2 Nf6 5. Nc3 O-O 6. O-O Bg4 7. Be3 Nc6 8. Qd2
e5 9. dxe5 dxe5 10. Rfd1 Qc8 11. h3 Rd8 12. Qc1 Bxf3 13. Bxf3 Rxd1+ 14. Qxd1
Qf8 15. Qe2 Nd8 16. Qc4 c6 17. Rd1 h5 18. a4 a5 19. Ne2 Ne6 20. Qb3 Qe7 21. c3
Kh7 22. Qc2 Bh6 23. Bxh6 Kxh6 24. g3 Kg7 25. Bg2 h4 26. Nc1 Nc5 27. b3 Rd8 28.
Rxd8 Qxd8 29. Kh2 Nh5 30. Bf3 Qg5 31. Bxh5 hxg3+ 32. fxg3 Qxh5 33. b4 Ne6 34.
Ne2 axb4 35. cxb4 Qf3 36. Ng1 Qe3 37. b5 Nd4 38. Qd1 c5 39. h4 c4 40. h5 c3 41.
Qg4 c2 
0-1

[Event "Sveins 5. minneturnering"]
[Site "Oslo"]
[Date "2012.06.22"]
[Round "3"]
[White "Hebden, Mark L"]
[Black "Westerinen, Heikki M.J."]
[Result "1-0"]
[WhiteElo "2512"]
[BlackElo "2335"]
[PlyCount "71"]
[EventDate "2012.??.??"]

1. d4 Nf6 2. Nf3 g6 3. Nc3 d5 4. Bf4 Bg7 5. Qd2 Ne4 6. Nxe4 dxe4 7. Ne5 c5 8.
e3 Nc6 9. Nxc6 bxc6 10. c3 cxd4 11. exd4 O-O 12. Bc4 e5 13. dxe5 Qxd2+ 14. Kxd2
Re8 15. Ke3 Bxe5 16. Bxe5 Rxe5 17. Rad1 Be6 18. Bxe6 Rxe6 19. Rd7 Rb8 20. b3 a5
21. Rhd1 Rb5 22. R1d6 Rxd6 23. Rxd6 Rc5 24. c4 Rg5 25. Rxc6 Rxg2 26. Rc8+ Kg7
27. c5 Rxh2 28. c6 Rh3+ 29. Kxe4 Rc3 30. Kd5 h5 31. Re8 h4 32. Kd6 h3 33. c7 h2
34. Re1 Rc2 35. Rh1 Kf6 36. Rxh2 
1-0

[Event "Sveins 5. minneturnering"]
[Site "Oslo"]
[Date "2012.06.22"]
[Round "3"]
[White "Meurs, Tom"]
[Black "Smith, Axel"]
[Result "1/2-1/2"]
[WhiteElo "2246"]
[BlackElo "2483"]
[PlyCount "106"]
[EventDate "2012.??.??"]

1. e4 c5 2. Nf3 e6 3. d4 cxd4 4. Nxd4 a6 5. Bd3 g6 6. c4 Bg7 7. Nc2 Ne7 8. O-O
O-O 9. Nc3 Nbc6 10. Be3 d5 11. Bc5 b6 12. Ba3 dxc4 13. Bxc4 b5 14. Be2 Qb6 15.
Qd6 Rd8 16. Qc5 Qxc5 17. Bxc5 Rd2 18. Bd1 Bb7 19. Rb1 Rd7 20. a4 Ne5 21. axb5
Nd3 22. Bxe7 Rxe7 23. Be2 Nxb2 24. bxa6 Bxa6 25. Bxa6 Rxa6 26. Rxb2 Bxc3 27.
Rb8+ Kg7 28. Rc8 Be5 29. Rc4 Ra2 30. g3 Rd7 31. Ne1 Bd4 32. Rc2 Rda7 33. Rc4
Bb6 34. Rc6 Ba5 35. Rc2 Bb6 36. Rc6 R7a6 37. Kg2 Ba7 38. Rxa6 Rxa6 39. Nd3 Ra2
40. Rb1 Rd2 41. Rb3 g5 42. h3 Bd4 43. g4 Kg6 44. Kf3 f6 45. Ra3 h5 46. Rb3 Ba7
47. Ra3 Bb6 48. Rb3 Bd4 49. Ra3 hxg4+ 50. hxg4 Kf7 51. Kg2 Ke7 52. Kf1 Rd1+ 53.
Ke2 Rg1 
1/2-1/2